| 000 | 00367nam a22001457a 4500 | ||
|---|---|---|---|
| 005 | 20250210124435.0 | ||
| 008 | 250210b |||||||| |||| 00| 0 eng d | ||
| 020 | _a9781753382 | ||
| 050 |
_aHG3431 _b.A6 ELE |
||
| 100 | _aEkezie, E.S | ||
| 245 | _aThe elements of banking | ||
| 260 |
_aLagos _bAfrican-Fep Publishers Ltd _cc1997 |
||
| 300 | _a348p | ||
| 942 |
_2lcc _cBK _n0 |
||
| 999 |
_c3781 _d3781 |
||